00545nam a22001097a 4500008004100000040005500041080002400096245023700120260005400357300001200411650001200423230623b |||||||| |||| 00| 0 eng d aNational Science LibrarycNational Science Library aR 523.164:001.4bK5 aGlossary of terms frequently used concerning quasi-stellar radio sources (quasars)c/ Seminar for science writers on quasi-stellar radio sources sponsored by American Institute of Physics..............................26January, 1965 aNew York: bAmerican Institute of Physics, c1965 av, 17p. aSeminar